Pipeline & Gas Journal

Detalles Bibliográficos
Formato: eBook
Lenguaje:inglés
Publicado: Estados Unidos Oildom Publishing Company of Texas, Inc. 2015
Materias:
Acceso en línea:Acceso restringido

MARC

LEADER 00000nam a22000007a 4500
005 20160125093631.0
007 cr|||| ||u|
008 160125s19912015-uswn|pos|||| 0||| 1eng d
022 |a 0032-0188  
035 |a 2896 
040 |a vLex 
090 |c 5835  |d 5835 
245 1 0 |a Pipeline & Gas Journal  |h [Recurso electrn̤ico] /  |c Oildom Publishing Company of Texas, Inc.  
256 |a Servicio en ln̕ea 
260 |a Estados Unidos  |b Oildom Publishing Company of Texas, Inc.   |c 2015 
300 |a 1 recurso electrn̤ico 
310 |a Desconocida 
506 1 |a Contenido solo disponible en los productos indicados  |d vLex Global  |d vLex Global (Academic Edition, excluding Law Schools)  |d vLex Global (U.S. Academic Edition, Law Schools)  |d vLex Global (U.S. Academic Edition, excluding Law Schools)  |d vLex Global (Academic Edition, Law Schools) 
650 0 4 |a Revistas norteamericanas  |z Estados Unidos 
740 0 |a vLex revistas (servicio en ln̕ea)  
856 4 0 |u http://vlex.com/source/pipeline-gas-journal-2896  |z Acceso restringido  
942 |c REV 
999 0 |a American periodicals